000 00526nam a2200181Ia 4500
005 20250326123902.0
008 250326s9999 xx 000 0 und d
037 _aTextbook
040 _aFMSL
_beng
_cFMSL
041 _aeng
_2eng
084 _aS8:6 K4
_qFMSL
100 _aTeevan R C
_9736313
245 0 _aTheories of motivation in personality and social psychology
_cTeevan R C; Birney R C
260 _aNY
_bNY, D Van Nostrand
_c1964
300 _a186p
942 _cTB
_hS8:6 K4
999 _c1271342
_d1271342